Catalog

Record Details

Catalog Search



Deník z kibucu : české stopy na břehu Galilejského jezera  Cover Image Book Book

Deník z kibucu : české stopy na břehu Galilejského jezera / Jaroslav Balvín

Balvín, Jaroslav, 1981- (Author, Photographer).

Record details

  • ISBN: 978-80-87683-47-7
  • Physical Description: 193 stran, 2 nečíslované strany obrazových příloh : ilustrace, mapy, portréty ; 20 cm
  • Edition: Vydání první
  • Publisher: Praha : Novela bohemica, 2015

Content descriptions

General Note:
Terminologický slovník
Subject: kibucy > Izrael
Češi > Izrael
kibbutzim > Israel
Czechs > Israel
Ejn Gev (Izrael)
Izrael > reálie
ʻEn Gev (Israel)
Israel > description and travel
Genre: deníky
cestopisné prózy
diaries
travel prose

Available copies

  • 1 of 1 copy available at Common Catalog SPOK.

Holds

  • 0 current holds with 1 total copy.
Show Only Available Copies
Location Call Number / Copy Notes Barcode Shelving Location Status Due Date
The Jewish community of Prague K 3149 4638300229 K - Beletrie Available -

LDR 01887nam a2200541 i 4500
00152348
003CZ-PrJAB
00520150730083544.0
007ta
008150605s2015 xr abcfe 000 1dcze
015 . ‡acnb002705214
020 . ‡a978-80-87683-47-7 ‡q(brožováno) : ‡cKč 238,00
035 . ‡a(CZ PrNK)nkc20152705214
035 . ‡a(OCoLC)918013688
040 . ‡aBOA001 ‡bcze ‡dABA001 ‡dOLA001 ‡erda
043 . ‡aa-is---
072 7. ‡a913(5) ‡xGeografie Asie, reálie, cestování ‡2Konspekt ‡97
080 . ‡a911.374(569.4) ‡2MRF
080 . ‡a(=162.3) ‡2MRF
080 . ‡a908(569.4) ‡2MRF
080 . ‡a(093.3) ‡2MRF
080 . ‡a(0:82-321.8) ‡2MRF
1001 . ‡aBalvín, Jaroslav, ‡d1981- ‡7xx0038322 ‡4aut ‡4pht
24510. ‡aDeník z kibucu : ‡bčeské stopy na břehu Galilejského jezera / ‡cJaroslav Balvín
250 . ‡aVydání první
264 1. ‡aPraha : ‡bNovela bohemica, ‡c2015
300 . ‡a193 stran, 2 nečíslované strany obrazových příloh : ‡bilustrace, mapy, portréty ; ‡c20 cm
336 . ‡atext ‡btxt ‡2rdacontent
336 . ‡astatický obraz ‡bsti ‡2rdacontent
337 . ‡abez média ‡bn ‡2rdamedia
338 . ‡asvazek ‡bnc ‡2rdacarrier
4901 . ‡aVlny ; ‡v11. svazek
500 . ‡aTerminologický slovník
65007. ‡akibucy ‡7ph880550 ‡zIzrael ‡2czenas
65007. ‡aČeši ‡7ph128067 ‡zIzrael ‡2czenas
65009. ‡akibbutzim ‡zIsrael ‡2eczenas
65009. ‡aCzechs ‡zIsrael ‡2eczenas
651 7. ‡aEjn Gev (Izrael) ‡7ge880557 ‡2czenas
651 7. ‡aIzrael ‡7ge129403 ‡xreálie ‡2czenas
651 9. ‡aʻEn Gev (Israel) ‡2eczenas
651 9. ‡aIsrael ‡xdescription and travel ‡2eczenas
655 7. ‡adeníky ‡7fd132006 ‡2czenas
655 7. ‡acestopisné prózy ‡7fd205190 ‡2czenas
655 9. ‡adiaries ‡2eczenas
655 9. ‡atravel prose ‡2eczenas
830 0. ‡aVlny (Novela bohemica)
910 . ‡aABE461
995 . ‡aska
901 . ‡a52348 ‡bAUTOGEN ‡c52348 ‡tbiblio

Additional Resources